Fundamental Accounting Principles (Record no. 3571)

MARC details
005 - DATE AND TIME OF LATEST TRANSACTION
control field 20250613103124.0
020 ## - INTERNATIONAL STANDARD BOOK NUMBER
International Standard Book Number 0-07-287002-8
082 ## - DEWEY DECIMAL CLASSIFICATION NUMBER
Classification number 657LAR
100 ## - MAIN ENTRY--PERSONAL NAME
Author name LARSON, D. K.
245 ## - TITLE STATEMENT
Title Fundamental Accounting Principles
250 ## - EDITION STATEMENT
Edition statement 17th Ed.
260 ## - PUBLICATION, DISTRIBUTION, ETC.
Place of publication, distribution, etc. New York,
Name of publisher, distributor, etc. McGraw-Hill,
Date of publication, distribution, etc. 2005.
300 ## - PHYSICAL DESCRIPTION
Extent xxix,1020p.:ill.;pictures,tables
Other physical details Appendix, Glossary, Index
Dimensions 28cm
700 ## - ADDED ENTRY--PERSONAL NAME
Other authors/Editors WILD.J, John ,
700 ## - ADDED ENTRY--PERSONAL NAME
Other authors/Editors CHIAPPETTA. Barbara
942 ## - ADDED ENTRY ELEMENTS (KOHA)
Source of classification or shelving scheme Dewey Decimal Classification
Koha item type Books
Holdings
Date last seen Total checkouts Full call number Barcode Cost, replacement price Price effective from Koha item type Lost status Source of classification or shelving scheme Damaged status Not for loan Withdrawn status Home library Current library Shelving location Date acquired Source of acquisition Cost, normal purchase price
06/10/2025   657LAR MZA000577 90000.00 06/10/2025 Books   Dewey Decimal Classification       CBE Mwanza CBE Mwanza General Collection 06/10/2025 Library Budget 30000.00
06/10/2025   657LAR MZA000578 90000.00 06/10/2025 Books   Dewey Decimal Classification       CBE Mwanza CBE Mwanza General Collection 06/10/2025 Library Budget 30000.00
06/10/2025   657LAR MZA000579 90000.00 06/10/2025 Books   Dewey Decimal Classification       CBE Mwanza CBE Mwanza General Collection 06/10/2025 Library Budget 30000.00
06/10/2025   657LAR MZA000580 90000.00 06/10/2025 Books   Dewey Decimal Classification       CBE Mwanza CBE Mwanza General Collection 06/10/2025 Library Budget 30000.00
06/10/2025   657LAR MZA000581 90000.00 06/10/2025 Books   Dewey Decimal Classification       CBE Mwanza CBE Mwanza General Collection 06/10/2025 Library Budget 30000.00
06/10/2025   657LAR MZA000582 90000.00 06/10/2025 Books   Dewey Decimal Classification       CBE Mwanza CBE Mwanza General Collection 06/10/2025 Library Budget 30000.00
06/10/2025   657LAR MZA000583 90000.00 06/10/2025 Books   Dewey Decimal Classification       CBE Mwanza CBE Mwanza General Collection 06/10/2025 Library Budget 30000.00